Investigacin̤ comercial Mťodos y aplicaciones /

Bibliographic Details
Main Author: Valderrey Sanz, Pablo
Format: eBook
Language:Spanish
Published: Bogot:̀ Ediciones de la U, 2011
Subjects:
Online Access:Acceso restringido

MARC

LEADER 00000nam a22000007a 4500
005 20210617220555.0
007 cr|||| ||||
008 210617s2011 co |||||s|||| 00||0 spa d
020 |a 978-958-8675-56-5 
035 |a 33467 
040 |a vLex 
090 |c 11806  |d 11806 
100 1 |a Valderrey Sanz, Pablo 
245 1 0 |a Investigacin̤ comercial  |h [Recurso electrn̤ico] :  |b Mťodos y aplicaciones /  |c Pablo Valderrey Sanz 
256 |a Servicio en ln̕ea 
260 |a Bogot:̀  |b Ediciones de la U,  |c 2011 
300 |a 1 recurso electrn̤ico 
500 |a Las empresas intentan comercializar sus productos en mercados donde cada vez existen ms̀ oferentes, mercados con competencia creciente y en los que los gustos de los consumidores se modifican. Por lo tanto la investigacin̤ comercial juega un papel muy importante dentro de este marco, ya que se encarga de recopilar, registrar y analizar sistemt̀icamente todos los datos relacionados con los problemas en la comercializacin̤ de bienes y servicios. Es por tanto un proceso de toma de informacin̤ para plasmar la realidad de una forma clara y simplificada, de manera que facilite el anl̀isis de la misma a los decisores. Adems̀, a esta tarea se le confiere un carc̀ter temporal y puntual, apareciendo en el momento en que se detecta un problema y desapareciendo una vez se ha encontrado una solucin̤ aceptable al mismo. No obstante, en la empresa se requiere una labor constante de investigacin̤ a fin de intentar solventar aquellos problemas de marketing que aparecen en la gestin̤ cotidiana, por ello la definicin̤ de investigacin̤ comercial se amplia a cualquier problema de marketing y no se refiere n︢icamente al producto. Por ello son objeto de investigacin̤ tanto el producto con el resto de variables de marketing-mix como el precio, su distribucin̤ y los medios de promocin̤ y posicionamiento en el mercado. 
506 1 |a Disponible solo en los productos indicados  |d vLex Global  |d vLex Global (Academic Edition, excluding Law Schools)  |d vLex Global (U.S. Academic Edition, Law Schools)  |d vLex Global (U.S. Academic Edition, excluding Law Schools)  |d vLex Global (Academic Edition, Law Schools) 
650 0 4 |a Derecho Mercantil y de la Empresa  |z Colombia 
650 0 4 |a Comercio  |z Colombia 
740 0 |a vLex Libros (Servicio en ln̕ea) 
856 4 0 |u https://vlex.com/source/investigacion-comercial-metodos-y-aplicaciones-33467  |z Acceso restringido 
942 |c BOOK 
999 0 |a Commercial and Company Law 
999 0 |a Trade